000
00301 a2200109 4500
001
ART_46798
005
20260410162000.0
008
260409a
245
1
0
_a
Pensar el futuro
100
1
_a
Mujica, José
773
0
_t
Archivos del presente
_g
- Año 16, Nº 59 (jun. 2012)
_w
REV28180
999
_c
31183
_d
31183